| 000 | 00869nam a22002657a 4500 | ||
|---|---|---|---|
| 003 | dpl | ||
| 005 | 20180801142211.0 | ||
| 008 | 180801b xxu||||| |||| 00| 0 eng d | ||
| 010 | _aB-106256 | ||
| 020 |
_c295.00 _a8120323114 |
||
| 035 | _aB-106256, B-106258 | ||
| 037 | _bCen Lib/Ret | ||
| 040 |
_aDPL _bEN _c0 |
||
| 082 |
_a337 _bSAW |
||
| 100 |
_aSawyer, W.Charles _990111 |
||
| 245 |
_aInternational economics / _cby W. Charles Sawyer [and] Richard L. Sprinkle |
||
| 260 |
_aNew Delhi _bPrentice Hall of India _c2003 |
||
| 270 |
_aM-97, connaught circus _bNew Delhi _e110001 |
||
| 300 |
_axix, 444p. _c24cm(Hb) |
||
| 500 | _aIncludes bibliographical references and index | ||
| 650 |
_aInternational economics _918033 |
||
| 650 |
_aimport & exports _918034 |
||
| 700 |
_aSprinkle, Richard L. _918035 |
||
| 942 |
_2ddc _cEN _h337 _mSAW |
||
| 999 |
_c126631 _d126631 |
||